Gliding capacity of different dental flosses
One of the major concerns with the use of dental floss is the passage of the proximal contact, which might be influenced by the material characteristics of the floss. The aim of this study was to compare the gliding capacities of different flosses with major differences in structure and experimental...
Saved in:
| Main Authors: | , , , |
|---|---|
| Format: | Article (Journal) |
| Language: | English |
| Published: |
01 May 2001
|
| In: |
Journal of periodontology
Year: 2001, Volume: 72, Issue: 5, Pages: 672-678 |
| ISSN: | 1943-3670 |
| DOI: | 10.1902/jop.2001.72.5.672 |
| Online Access: | Resolving-System, lizenzpflichtig, Volltext: https://doi.org/10.1902/jop.2001.72.5.672 Verlag, lizenzpflichtig, Volltext: https://aap.onlinelibrary.wiley.com/doi/abs/10.1902/jop.2001.72.5.672 |
| Author Notes: | Christof E. Dörfer, Dominik Wündrich, Hans Jörg Staehle, and Thomas Pioch |
MARC
| LEADER | 00000caa a2200000 c 4500 | ||
|---|---|---|---|
| 001 | 1751214524 | ||
| 003 | DE-627 | ||
| 005 | 20220819134433.0 | ||
| 007 | cr uuu---uuuuu | ||
| 008 | 210312s2001 xx |||||o 00| ||eng c | ||
| 024 | 7 | |a 10.1902/jop.2001.72.5.672 |2 doi | |
| 035 | |a (DE-627)1751214524 | ||
| 035 | |a (DE-599)KXP1751214524 | ||
| 035 | |a (OCoLC)1341398563 | ||
| 040 | |a DE-627 |b ger |c DE-627 |e rda | ||
| 041 | |a eng | ||
| 084 | |a 33 |2 sdnb | ||
| 100 | 1 | |a Dörfer, Christof |d 1961- |e VerfasserIn |0 (DE-588)141247738 |0 (DE-627)625832825 |0 (DE-576)322980615 |4 aut | |
| 245 | 1 | 0 | |a Gliding capacity of different dental flosses |c Christof E. Dörfer, Dominik Wündrich, Hans Jörg Staehle, and Thomas Pioch |
| 264 | 1 | |c 01 May 2001 | |
| 300 | |a 7 | ||
| 336 | |a Text |b txt |2 rdacontent | ||
| 337 | |a Computermedien |b c |2 rdamedia | ||
| 338 | |a Online-Ressource |b cr |2 rdacarrier | ||
| 500 | |a Gesehen am 12.03.2021 | ||
| 520 | |a One of the major concerns with the use of dental floss is the passage of the proximal contact, which might be influenced by the material characteristics of the floss. The aim of this study was to compare the gliding capacities of different flosses with major differences in structure and experimental behavior in vivo. | ||
| 650 | 4 | |a Comparison studies | |
| 650 | 4 | |a crossover studies | |
| 650 | 4 | |a dental devices | |
| 650 | 4 | |a dental plaque/prevention and control | |
| 650 | 4 | |a home care | |
| 650 | 4 | |a single-blind method | |
| 650 | 4 | |a tooth/anatomy and histology | |
| 700 | 1 | |a Wündrich, Dominik |d 1971- |e VerfasserIn |0 (DE-588)123066719 |0 (DE-627)706147774 |0 (DE-576)293540578 |4 aut | |
| 700 | 1 | |a Staehle, Hans Jörg |d 1953- |e VerfasserIn |0 (DE-588)172383102 |0 (DE-627)697325644 |0 (DE-576)133247309 |4 aut | |
| 700 | 1 | |a Pioch, Thomas |d 1956- |e VerfasserIn |0 (DE-588)1094919160 |0 (DE-627)85537814X |0 (DE-576)166185558 |4 aut | |
| 773 | 0 | 8 | |i Enthalten in |t Journal of periodontology |d Hoboken, NJ : Wiley, 1931 |g 72(2001), 5, Seite 672-678 |h Online-Ressource |w (DE-627)325792062 |w (DE-600)2040047-0 |w (DE-576)098841467 |x 1943-3670 |7 nnas |a Gliding capacity of different dental flosses |
| 773 | 1 | 8 | |g volume:72 |g year:2001 |g number:5 |g pages:672-678 |g extent:7 |a Gliding capacity of different dental flosses |
| 856 | 4 | 0 | |u https://doi.org/10.1902/jop.2001.72.5.672 |x Resolving-System |x Verlag |z lizenzpflichtig |3 Volltext |
| 856 | 4 | 0 | |u https://aap.onlinelibrary.wiley.com/doi/abs/10.1902/jop.2001.72.5.672 |x Verlag |z lizenzpflichtig |3 Volltext |
| 951 | |a AR | ||
| 992 | |a 20210312 | ||
| 993 | |a Article | ||
| 994 | |a 2001 | ||
| 998 | |g 1094919160 |a Pioch, Thomas |m 1094919160:Pioch, Thomas |d 910000 |d 910800 |e 910000PP1094919160 |e 910800PP1094919160 |k 0/910000/ |k 1/910000/910800/ |p 4 |y j | ||
| 998 | |g 172383102 |a Staehle, Hans Jörg |m 172383102:Staehle, Hans Jörg |d 910000 |d 910800 |e 910000PS172383102 |e 910800PS172383102 |k 0/910000/ |k 1/910000/910800/ |p 3 | ||
| 998 | |g 123066719 |a Wündrich, Dominik |m 123066719:Wündrich, Dominik |d 50000 |e 50000PW123066719 |k 0/50000/ |p 2 | ||
| 998 | |g 141247738 |a Dörfer, Christof |m 141247738:Dörfer, Christof |d 910000 |d 910800 |e 910000PD141247738 |e 910800PD141247738 |k 0/910000/ |k 1/910000/910800/ |p 1 |x j | ||
| 999 | |a KXP-PPN1751214524 |e 3885884836 | ||
| BIB | |a Y | ||
| SER | |a journal | ||
| JSO | |a {"id":{"eki":["1751214524"],"doi":["10.1902/jop.2001.72.5.672"]},"language":["eng"],"name":{"displayForm":["Christof E. Dörfer, Dominik Wündrich, Hans Jörg Staehle, and Thomas Pioch"]},"physDesc":[{"extent":"7 S."}],"type":{"media":"Online-Ressource","bibl":"article-journal"},"person":[{"role":"aut","family":"Dörfer","given":"Christof","display":"Dörfer, Christof"},{"display":"Wündrich, Dominik","given":"Dominik","family":"Wündrich","role":"aut"},{"family":"Staehle","given":"Hans Jörg","display":"Staehle, Hans Jörg","role":"aut"},{"role":"aut","given":"Thomas","family":"Pioch","display":"Pioch, Thomas"}],"note":["Gesehen am 12.03.2021"],"origin":[{"dateIssuedKey":"2001","dateIssuedDisp":"01 May 2001"}],"recId":"1751214524","title":[{"title_sort":"Gliding capacity of different dental flosses","title":"Gliding capacity of different dental flosses"}],"relHost":[{"pubHistory":["Nachgewiesen 2.1931 -"],"origin":[{"dateIssuedDisp":"1931-","publisherPlace":"Hoboken, NJ ; Chicago, Ill.","dateIssuedKey":"1931","publisher":"Wiley ; American Academy of Periodontology"}],"note":["Gesehen am 05.06.20"],"titleAlt":[{"title":"Journal of periodontology online"},{"title":"Journal of periodontology, periodontics"}],"disp":"Gliding capacity of different dental flossesJournal of periodontology","type":{"media":"Online-Ressource","bibl":"periodical"},"name":{"displayForm":["American Academy of Periodontology"]},"corporate":[{"display":"American Academy of Periodontology","role":"isb"}],"language":["eng"],"id":{"zdb":["2040047-0"],"eki":["325792062"],"issn":["1943-3670"],"doi":["10.1002/(ISSN)1943-3670"]},"part":{"pages":"672-678","year":"2001","text":"72(2001), 5, Seite 672-678","volume":"72","extent":"7","issue":"5"},"title":[{"title":"Journal of periodontology","title_sort":"Journal of periodontology"}],"recId":"325792062","physDesc":[{"extent":"Online-Ressource"}]}]} | ||
| SRT | |a DOERFERCHRGLIDINGCAP0120 | ||